000 00546nam a2200181 i 4500
001 102485
003 ES-MaACL
005 20231111062529.0
007 t|
008 051111s1908 fr ||||1| fre d
100 1 _aMérimée, Ernest.
_980505
245 1 0 _aPrécis d'histoire de la littérature espagnole /
_cpar Ernest Mérimée.
260 _aParis :
_bGarnier Frères,
_c1908.
300 _aXIX, 525 p. ;
_c18 cm.
650 4 _aLiteratura española-
_xHistoria y crítica
_914560
852 _aES-MaACL
_jB-2657
999 _c102485
_d102485